000 01824nam a2200397 i 4500
001 000037858
003 DO-SdBNP
005 20250227073854.0
007 ta
008 130307s2012 dr d r 000 0 spa d
020 _a9789945443899 (v. 184)
020 _a9789945443622 (serie)
040 _aDO-SdBNP
_bspa
_cBNPHU
_erda
082 4 _a330.97293
_bC744n, 2011
_222
111 2 _aConcurso Biblioteca Juan Pablo Duarte
_96999
_d(2010 :
_cSanto Domingo)
245 1 0 _aNueva literatura económica dominicana :
_bpremios del Concurso de Economía Biblioteca "Juan Pablo Duarte" 2011 /
_cedición, José Alcántara Almánzar, Elvis Soto.
264 _aSanto Domingo :
_bBanco Central de la República Dominicana,
_c2012.
300 _a332 páginas :
_bgráficos ;
_c24 cm.
336 _2rdacontent
_atexto
_btxt
337 _2rdamedia
_asin mediación
_bn
338 _2rdacarrier
_avolumen
_bnc
490 1 _aBanco Central de la República Dominicana ;
_v184
490 1 _aNueva literatura económica
_v15
500 _aIncluye referencias bibliográficas y notas al pie de las páginas
504 _aBibliografía : p. 291-293
590 _aInventariado, 2018/ YL
650 4 _aDeuda pública
_zRepública Dominicana
_vCongresos, conferencias, etc.
_964304
650 4 _aTasas de interés
_zRepública Dominicana
_vCongresos, conferencias, etc.
_964305
650 4 _aCuentas corrientes
_zRepública Dominicana
_vCongresos, conferencias, etc.
_964306
700 1 _aAlcántara Almánzar, José
_d1946-
_eedición
_97018
700 1 _aSoto, Elvis,
_eedición
_912338
710 2 _aBanco Central de la República Dominicana.
_bDepartamento Cultural
_97006
830 0 _aBanco Central de la República Dominicana ;
_n184
_pNueva literatura económica; 15
_984376
910 _aValidado. Control de caliad. MFF
942 _2ddc
_cLBS1
999 _c37348
_d37348